| 000 | 00434nam a2200157Ia 4500 | ||
|---|---|---|---|
| 008 | 210210b2005 xxu||||| |||| 00| 0 eng d | ||
| 020 | _a81 87125 74 8 | ||
| 082 | _a330.15 GIRH | ||
| 100 | _aGIRIJA (M) and Others. | ||
| 245 | _aHistory of economic thought. | ||
| 260 |
_aNew Delhi _bVrinda Publications Private Limited _c2005 |
||
| 300 | _axii,552 | ||
| 650 | _aEconomic Thought | ||
| 690 | _aEconomic Thought | ||
| 906 | _a061471 | ||
| 999 |
_c108128 _d108128 |
||